Bienvenue au Catalogue en Ligne des Bibliothèques de l'Universite du Burundi

contribution a l'inventaire des dicotyledones recoltees au Burundi (Record no. 53419)

000 -GUIDE
Champ de contrôle de longueur fixe 00831nam a22002297a 4500
003 - IDENTITÉ DU NUMÉRO DE CONTRÔLE
Champ de contrôle BI-BuBU
008 - ÉLÉMENTS DE LONGUEUR FIXE - RENSEIGNEMENTS GÉNÉRAUX
Champ de contrôle de longueur fixe 260224b ||||| |||| 00| 0 fre d
037 ## - SOURCE D'ACQUISITION
Numéro d'inventaire 191845
Modalités d'acquisition DON
039 ## - NIVEAU DE CONTRÔLE BIBLIOGRAPHIQUE ET HISTORIQUE D'ENCODAGE [OBSOLETE]
Date creation 20260224105639.0
Nom catalographe ITANGIVYIZA Dany Herve
040 ## - SOURCE DU CATALOGAGE
Organisme qui a effectué le catalogage original BI-BuBU
Organisme qui a effectué la transcription BI-BuBU
Organisme qui a effectué la modification BI-BuBU
080 ## - INDICE DE LA CLASSIFICATION DÉCIMALE UNIVERSELLE (CDU)
Numéro de document 582.61.NIM.
100 ## - VEDETTE PRINCIPALE - NOM DE PERSONNE
Code de relation aut.
Nom de personne Nimpagaritse Etienne
245 ## - MENTION DU TITRE
Titre contribution a l'inventaire des dicotyledones recoltees au Burundi
Reste du titre 2é partie: de menispermaceae a zygophyllaceae
260 ## - PUBLICATION, DIFFUSION, ETC. (ADRESSE BIBLIOGRAPHIQUE)
Lieu de publication, diffusion, etc. Bujumbura
Nom de l'éditeur, diffuseur, etc. Universite du burundi,Faculte des sciences
Date of publication, distribution, etc 2003
300 ## - DESCRIPTION MATÉRIELLE
Collation 295f.
Autres caractéristiques matérielles ill.
Dimensions 30cm
502 ## - NOTE DE THÈSE OU MÉMOIRE
Liaison Memoire presente et defendu publiquement en vue de l'obtention de grade de licence en sciences biologiques
546 ## - NOTE SUR LES LANGUES
Note sur les langues fr
600 ## - VEDETTE-MATIÈRE - NOM DE PERSONNE
Subdivision de forme DICOTYLEDONE.INVENTAIRE/BURUNDI.
650 ## - VEDETTE-MATIÈRE - NOM COMMUN
Source du terme BI-BuBU
655 ## - TERME D'INDEXATION - GENRE OU FORME
Source du terme BI-BuBU
942 ## - ÉLÉMENTS D'ENTRÉE ADDITIONNELLE (KOHA)
Source de la classification ou du système de rangement
Type d item koha Memoire

No items available.

© 2019-2026 - Bibliothèques de l'Université du Burundi |Tous droits réservés
home | Pour toute information urgente Contactez nous | tel whatsupp: +25779204313